| 000 | 00642nam a2200217Ia 4500 | ||
|---|---|---|---|
| 003 | OSt | ||
| 005 | 20240806121902.0 | ||
| 008 | 210210b2000 xxu||||| |||| 00| 0 eng d | ||
| 040 |
_aAL _c |
||
| 041 | _aKonkani | ||
| 082 | _a891.463 RODB | ||
| 100 |
_aRODRIGAS (Victor). _930833 _dರೋಡ್ರಿಗಾಸ್ (ವಿಕ್ಟರ್) |
||
| 245 |
_aBhangarachi Istri _bಭಾಂಗಾರಾಚಿ ಇಸ್ತ್ರಿ |
||
| 260 |
_aJeppu _bVeena Prakashan _c2000 |
||
| 300 | _a199 | ||
| 650 |
_aPattedari Kadambari _930834 |
||
| 650 |
_aRodrigues _9175342 |
||
| 690 |
_aKonkani Fiction _930835 |
||
| 906 | _a056549 | ||
| 942 |
_2ddc _cBK |
||
| 999 |
_c103856 _d103856 |
||